Sports Quiz

Random Sports or Europe Quiz

European Cup English team scorers Quiz Stats

 Plays Quiz not verified by Sporcle

Score 0/46 Timer 10:00
0 Plays Today
Year of final Goal scorer % Correct
2012 (pen. shoot out)Frank Lampard
96.7%
2012 (pen. shoot out)Didier Drogba
96.7%
2005Steven Gerrard
95.6%
2008Frank Lampard
95.6%
2008 (pen. shoot out)Frank Lampard
95.6%
2008Cristiano Ronaldo
89.9%
1999Teddy Sheringham
88.6%
1968Booby Charlton
83.5%
1968George Best
83.5%
1968 Bobby Charlton
83.5%
2012 (pen. shoot out)Ashley Cole
83.3%
1999Ole Gunnar Solskjaer
82.9%
2005Xabi Alonso
80.4%
2008 (pen shoot out)Ashley Cole
79.7%
2008 (pen. shoot out)Ryan Giggs
77.8%
2006 Sol Campbell
77.2%
2005Vladimir Smicer
76.6%
2005 (pen. shoot out)Vladimir Smicer
76.6%
2008 (pen. shoot out)Michael Carrick
69.6%
2008 (pen. shoot out)Nani
69.6%
1978Kenny Dalglish
67.1%
1984 (pen. shoot out)Ian Rush
67.1%
2007Dirk Kuyt
65.2%
Year of final Goal scorer % Correct
2008 (pen. shoot out)Michael Ballack
64.6%
2008 (pen. shoot out)Carlos Tevez
63.3%
2008 (pen. shoot out)Anderson
61.4%
1980John Robertson
58.9%
2008 (pen. shoot out)Salomon Kalou
57%
2012Didier Drogba
56.7%
2005 (pen. shoot out)Dietmar Hamann
53.8%
2005 (pen. shoot out)Djibril Cisse
53.2%
2008 (pen. shoot out)Owen Hargreaves
50%
1979Trevor Francis
46.2%
1984 (pen. shoot out)Graeme Souness
46.2%
1981Alan Kennedy
43%
1984 (pen. shoot out)Alan Kennedy
43%
1968Brian Kidd
41.1%
1977Phil Neal
39.9%
1984Phil Neal
39.9%
1984 (pen. shoot out)Phil Neal
39.9%
2012 (pen. shoot out)David Luiz
36.7%
1977Tommy Smith
33.5%
1982Peter Withe
31%
1977Terry McDermott
27.2%
2008 (pen. shoot out)Juliano Belletti
25.9%
2011Wayne Rooney
19.6%

You're not logged in!

Compare scores with friends on all Sporcle quizzes.
OR
Log In

You Might Also Like...

Show Comments

Extras

Created May 18, 2010ReportNominate
Tags:Europe Quiz, cup, English, final, goal, scorer, team

Top Quizzes Today


Score Distribution

Your Account Isn't Verified!

In order to create a playlist on Sporcle, you need to verify the email address you used during registration. Go to your Sporcle Settings to finish the process.

Report this User

Report this user for behavior that violates our Community Guidelines.

Details: